000 00496nam a2200181 a 4500
001 1770285652851
003 YourLibrary
005 20260205153743.0
008 260205s2005##################000#0#eng##
020 _a9781419520181
082 0 4 _a332.6
_bWIL
100 1 _aWilkinson, Don,
_eauthor.
245 1 0 _aStop Wasting Your Wealth in Mutual Funds :
260 _bKaplan Publishing,
_c2005.
650 0 _aBusiness & Economics.
942 _cENGLISH
040 _aYourLibrary
_beng
_cYourLibrary
999 _c610473
_d610473